Lecture Notes in Engineering : Reliability and Optimization of Structural Systems 90

Enregistré dans:
Détails bibliographiques
Auteurs principaux: Kiureghian, A.Der (Auteur), Christensen, P.Thoft (Auteur)
Format: Livre
Langue:anglais
Publié: Califormia : Springer Verlag, 1990
Édition:2.vyd.
Sujets:
Tags: Ajouter un tag
Pas de tags, Soyez le premier à ajouter un tag!

MARC

LEADER 00000nam a22000003a 4500
001 stu117335
005 20150617225912.7
008 060503s1990----xxu-----------------eng-d
020 |a 0-387-53450-4 
040 |a STU  |b slo 
041 0 |a eng 
044 |a xxu 
100 1 |a Kiureghian, A.Der  |4 aut 
245 1 |a Lecture Notes in Engineering :  |b Reliability and Optimization of Structural Systems 90 
250 |a 2.vyd. 
260 |a Califormia :  |b Springer Verlag,  |c 1990 
300 |a 406 
650 7 |a engineering  |2 estusub 
700 1 |a Christensen, P.Thoft  |4 aut 
996 |b 284J028616  |c J*90431  |l JJSK  |s A  |a 24  |w stu117335_0001